|
|
|
|
| LEADER |
00000nam0a2200000 4500 |
| 001 |
314676 |
| 005 |
20231102002712.0 |
| 010 |
|
|
|a 9785160062549
|
| 035 |
|
|
|a (RuTPU)RU\TPU\book\340099
|
| 090 |
|
|
|a 314676
|
| 100 |
|
|
|a 20160218d2015 m y0rusy50 ca
|
| 101 |
0 |
|
|a eng
|
| 102 |
|
|
|a RU
|
| 105 |
|
|
|a y j 001zy
|
| 200 |
1 |
|
|a Английский язык
|e учебное пособие
|f Н. М. Дюканова
|
| 205 |
|
|
|a 2-е изд., перераб. и доп.
|
| 210 |
|
|
|a Москва
|c Инфра-М
|d 2015
|
| 215 |
|
|
|a 319 с.
|
| 225 |
1 |
|
|a Высшее образование - Бакалавриат
|
| 320 |
|
|
|a Библиогр.: с. 313.
|
| 330 |
|
|
|a Состоящее из трех частей учебное пособие включает материаты, освещающие культуру англоязычных стран, и разделы, непосредственно относящиеся к сфере бизнеса — менеджменту, маркетингу, бухгалтерскому учету, финансам. Рассматриваются такие важные темы, как написание научного доклада и статьи, аннотации и реферата. Вторая, специальная, часть пособия направлена на развитие навыков аналитического чтения и перевода оригинальных текстов. Третья часть содержит тренировочные тесты (с ответами) с акцентом на деловую корреспонденцию. В основу пособия положен аутентичный материал, охватывающий основные направления специализации экономистов с учетом современных требований.Для студентов и аспирантов высших и средних учебных заведений экономического профиля, а также широкого круга лиц, изучающих деловой английский язык.
|
| 606 |
1 |
|
|a Английский язык
|x Учебные руководства и пособия
|x Учебные руководства и пособия для высшей школы
|2 stltpush
|3 (RuTPU)RU\TPU\subj\29071
|9 52483
|
| 610 |
1 |
|
|a лексика
|
| 610 |
1 |
|
|a грамматика
|
| 610 |
1 |
|
|a экономика
|
| 610 |
1 |
|
|a разговорная речь
|
| 610 |
1 |
|
|a британский язык
|
| 610 |
1 |
|
|a американский английский язык
|
| 610 |
1 |
|
|a высшее образование
|
| 610 |
1 |
|
|a тексты
|
| 610 |
1 |
|
|a топики
|
| 610 |
1 |
|
|a речевой этикет
|
| 610 |
1 |
|
|a упражнения
|
| 610 |
1 |
|
|a учебные пособия
|
| 686 |
|
|
|a Ш143.21-923
|2 rubbk
|
| 700 |
|
1 |
|a Дюканова
|b Н. М.
|g Нина Михайловна
|
| 801 |
|
1 |
|a RU
|b 63413507
|c 20160218
|
| 801 |
|
2 |
|a RU
|b 63413507
|c 20160407
|g RCR
|
| 900 |
|
|
|a Английский язык
|
| 942 |
|
|
|c BK
|
| 959 |
|
|
|a 19/20160212
|d 1
|e 319,90
|f ЧЗИЛ:1
|